Trios Harry Potter - Statistiques

Statistiques générales
  • Ce quiz a été pris 564 fois
  • Le résultat moyen est 9 sur 12
Statistiques - réponses
Trio Personnage % Correct
Golden Trio Harry Potter
100%
Golden Trio Hermione Granger
99%
Golden Trio Ron Weasley
98%
Silver Trio Ginny Weasley
71%
Silver Trio Luna Lovegood
71%
Silver Trio Neville Londubat
69%
Bronze Trio Drago Malefoy
63%
Bronze Trio Gregory Goyle
61%
Bronze Trio Vincent Crabbe
61%
Legendary Trio Albus Dumbledore
57%
Legendary Trio Minerva Mcgonagall
52%
Legendary Trio Severus Rogue
52%
Aucun quiz correspondant
Distribution des résultats
% des personnes avec chaque résultat
Percentile par nombre de réponses
Votre historique - résultats
Vous n’avez pas pris ce quiz